000 01647cam a22004457a 4500
001 000081093
003 CHAP
005 20220817043532.0
008 990519d1998 mx r 00110 spa d
010 _a77873
011 _a78845
035 _a88946
040 _cCHAP
090 _aFolleto 15355
100 0 0 _aPérez Grajales, Mario.
_989711
245 1 0 _aGuía para la producción intensiva de chile manzano /
_cpor Mario Pérez Grajales y Rogelio Castro Brindis.
260 _aChapingo, Méx. :
_bUACH. Programa Nacional de Investigación en Olericultura,
_c1998.
300 _a17 p.
410 _aUACH. Programa Nacional de Investigación en Olericultura
490 1 _aBoletín de divulgación
_v; 1
500 _ac.5,6 en bodega
590 _aBATCH-UPD
_b10
_c20130110
_lUCH01
_h0502
590 _aBATCH-UPD
_b10
_c20130410
_lUCH01
_h0140
590 _aBATCH-UPD
_b10
_c20130914
_lUCH01
_h0652
590 _aCONVERSION
_b10
_c20130109
_lUCH01
_h1343
590 _aE5995AHE
_b05
_c20150213
_lUCH01
_h1038
590 _aE5995AHE
_b05
_c20150213
_lUCH01
_h1039
650 1 4 _aChile manzano
_xRendimiento.
_922465
700 0 _aCastro Brindis, Rogelio.
_920333
810 0 0 _aUACH. Programa Nacional de Investigación en Olericultura
_9115954
830 0 _aBoletín de divulgación
_v; 1
901 _aBK
905 _aAlejandra Carrasco M.
942 _cFOLL
942 _n0
949 _aFolleto 15355
_bBC
_cFOLL
_d889461
_eTS1
_i88946
_sb
949 _aFolleto 15355
_bBC
_cFOLL
_d889462
_eTS2
_fc.2
_i88946
_si
949 _aFolleto 15355
_bBC
_cFOLL
_d889463
_eTS2
_fc.3
_i88946
_si
949 _aFolleto 15355
_bBC
_cUACH
_d889464
_eUACH
_fc.4
_i88946
_sb
999 _c77873
_d77873